000 00651nam a2200205 i 4500
001 80610
003 ES-MaACL
005 20230906174243.0
007 t|
008 041028s1977 sp ||||1| spa d
100 1 _aHomet, Marcel F.
_964115
245 1 0 _aTras las huellas de los dioses del sol /
_cMarcel Homet ; [traducción de J.L. Herrero del Pozo].
260 _aBarcelona :
_bDaimon,
_c[1977]
300 _a253 p., 8 lám. :
_bil. ;
_c20 cm.
490 1 _aEnigmas del Universo
700 1 _aHerrero del Pozo, Juan Luis.
_963307
830 0 _aEnigmas del Universo
_9231499
852 _aES-MaACL
_jA-6583
_bR.95712
999 _c80610
_d80610